Statistiques concernant Oscar du meilleur film depuis 1960 jusqu'à 2018

Cliquez ici pour prendre le quiz!

Statistiques générales

  • Ce quiz a été pris 175 fois
  • Le résultat moyen est 19 sur 59

Statistiques - réponses

AnnéeRéponse% Correct
1998Titanic
79%
1973Le Parrain
70%
2012The Artist
65%
1995Forrest Gump
56%
2001Gladiator
52%
1975Le Parrain 2
48%
1992Le Silence des agneaux
46%
1994La Liste de Schindler
45%
2017Moonlight
45%
1960Ben-Hur
44%
2004Le Seigneur des Anneaux : Le Retour du Roi
44%
2018La forme de l'eau
42%
2007Les Infiltrés
41%
1977Rocky
41%
2000American Beauty
40%
1980Kramer contre Kramer
40%
1976Vol au-dessus d'un nid de coucou
40%
2011Le Discours d'un roi
39%
2005Million Dollar Baby
39%
2015Birdman
36%
1991Danse avec les loups
35%
1986Out of Africa
34%
1987Platoon
33%
2013Argo
32%
2016Spotlight
32%
1985Amadeus
31%
2010Démineurs
31%
2008No Country for Old Men
31%
1989Rain Man
31%
1999Shakespeare in love
31%
2009Slumdog Millionaire
31%
2014Twelve Years A Slave
31%
1979Voyage au bout de l'enfer
31%
2003Chicago
30%
1983Gandhi
29%
1962West Side Story
29%
1993Impitoyable
28%
1978Annie Hall
27%
1996Braveheart
27%
1988Le Dernier Empereur
26%
2002Un homme d'exception
26%
1997Le Patient Anglais
25%
1990Miss Daisy et son chauffeur
24%
1974L'Arnaque
23%
1970Macadam Cowboy
23%
1972French Connection
22%
2006Collision
21%
1971Patton
21%
1982Les Chariots de feu
20%
1963Lawrence d'Arabie
19%
1968Dans la chaleur de la nuit
17%
1961La Garçonnière
17%
1966La Mélodie du bonheur
17%
1965My Fair Lady
17%
1984Tendres Passions
17%
1981Des gens comme les autres
14%
1964Tom Jones
11%
1969Olivier !
10%
1967Un homme pour l'eternité
10%

Distribution des résultats

Percentile par nombre de réponses

% des personnes avec chaque résultat

Votre développement - résultats

Vous n’avez pas pris ce quiz